| 000 | 00486nam a22001937a 4500 | ||
|---|---|---|---|
| 003 | OSt | ||
| 005 | 20170327125132.0 | ||
| 008 | 170327b xxu||||| |||| 00| 0 eng d | ||
| 020 | _a0198792751 | ||
| 040 | _cDMLN | ||
| 082 | _a547 ROB 2000 | ||
| 100 |
_aRobinson, Michael J.T. _911965 |
||
| 245 | _aOrganic Stereochemistry | ||
| 260 | _aOxford University Press, 2000 | ||
| 300 | _a89p; ill: 25cm | ||
| 504 | _aIndex included | ||
| 650 |
_aOrganic chemistry _9814 |
||
| 942 |
_2z _cSLOAN |
||
| 999 |
_c5751 _d5751 |
||